Normal view
MARC view
- العلوم -دراسة - الرياضيات - دراسة
Entry Topical Term
001 - CONTROL NUMBER
- control field: 35303
003 - CONTROL NUMBER IDENTIFIER
- control field: JO-AjAnu
005 - DATE AND TIME OF LATEST TRANSACTION
- control field: 20230606075914.0
008 - FIXED-LENGTH DATA ELEMENTS
- fixed length control field: 230606|| aca||aabn | a|a d
040 ## - CATALOGING SOURCE
- Original cataloging agency: JO-AjAnu
- Transcribing agency: JO-AjAnu
150 ## - HEADING--TOPICAL TERM
- Topical term or geographic name entry element: العلوم -دراسة - الرياضيات - دراسة
670 ## - SOURCE DATA FOUND
- Source citation: Work cat.: (JO-AjAnu)18129: سنقرط ، وجدان، م . مشارك عبد الرزاق ابو اليل ، مصطفى درويش, author 35302, مفاهيم اساسية في العلوم والرياضيات